000 00794nam a2200229Ia 4500
003 GCL
008 140319s9999 xx 000 0 ara d
040 _aGCL /
_cGCL
082 0 4 _a911
_bج م
100 1 _aعبدالرحمن حميدة
245 1 0 _aالجغرافيا التاريخية للعالم الاسلامى خلال الفرون الاربعة الاولى /
_cعبدالرحمن حميدة
700 1 _aلومبارد، موريس
260 _a[S.N] :
_bدار الفكر ،
_c1979
300 _a320 ص
490 _a
650 0 4 _aالجغرافيا التاريخية
650 0 4 _aالرحالة العرب
650 0 4 _aالعالم الاسلامى
650 0 4 _aالعلوم عند العرب
650 0 4 _aالحضارة الاسلامية
942 _2ddc
_cBK
999 _c37517
_d37517